000 01028nmc a2200361 a 4500
003 AR-BaBNM
005 20251128203832.0
008 217019s1981 ||||||||||||||000 | spa||
020 _a84-7509-097-4
040 _cAR-BaBNM
100 1 _aGolden, Charles J.
245 1 0 _aProblemas de aprendizaje y disfunción cerebral
250 _a1ª ed.
260 _aBarcelona
_bPaidós
_c1981
300 0 _a139 p.
_bdiagr.
490 0 _aNeurología y conducta
_vv. 8
504 _aBibliografía: p. 132-139
650 4 _aNEUROLOGIA
650 4 _aENFERMEDADES DEL SISTEMA NERVIOSO
650 4 _aPRUEBAS DE INTELIGENCIA
650 4 _aCOEFICIENTE INTELECTUAL
650 4 _aRETRASO EN LOS ESTUDIOS
650 4 _aPRUEBAS PSICOLOGICAS
650 4 _aPRUEBAS DE RENDIMIENTO
650 4 _aDIFICULTADES EN EL APRENDIZAJE
650 4 _aREHABILITACION
650 4 _aTESTS
653 0 _aPROCESO DE ENSENANZA-APRENDIZAJE
700 1 _aAnderson, Sandra
700 1 _aJusto, Luis
_etraductor
942 _cBK
998 _cSILVI
999 _c5105
_d5105